000 01742nam a2200337 i 4500
999 _c5406
_d5406
001 on1249750612
003 OCoLC
005 20250910143601.0
008 211102s2021 nyub d 000 1 eng d
020 _a9781250268402
040 _aDLC
_beng
_erda
_dOCLCO
_dOCLCF
_dORX
_dLJW
_dOCO
_dJAS
_dTCH
_dILC
_dIHV
_dHQD
_dVP@
_dCaOL
_cKH8
082 _aFIC GAR
100 1 _aGarber, Stephanie,
_eauthor.
245 1 0 _aOnce upon a broken heart /
_cStephanie Garber.
246 3 0 _aBroken heart.
264 1 _aNew York :
_bFlatiron Books,
_c2021.
264 4 _c©2021.
300 _a408 pages :
_bmap ;
_c25 cm.
336 _atext
_2rdacontent.
337 _aunmediated
_2rdamedia.
338 _avolume
_2rdacarrier.
520 _aRaised in her father's curiosity shop, sixteen-year-old Evangeline Fox grew up on legends about immortals, like the tragic Prince of Hearts. She knows his powers are mythic, his kiss is worth dying for, and that bargains with him rarely end well. When Evangeline learns that the love of her life is about to marry another, she becomes desperate enough to offer the Prince of Hearts whatever he wants in exchange for his help to stop the wedding. The prince asks for three kisses. After Evangeline's first promised kiss, she learns that the Prince of Hearts wants far more from her than she's pledged. He has plans for Evangeline that will either end in the greatest happily ever after-- or the most exquisite tragedy.
650 0 _aTeenage girls
_vFiction.
650 0 _aBlessing and cursing
_vFiction.
650 0 _aDeals
_vFiction.
650 0 _aMagic
_vFiction.
650 7 _aRomance fiction.
_2genre.
650 7 _aFantasy fiction.
_2genre.
830 0 _aOnce upon a broken heart (Series) ;
_v1.
942 _2ddc
_cFIC